جب تصوّر ٹوٹا / (Record no. 192177)

MARC details
000 -LEADER
fixed length control field 00596nam a22001937a 4500
005 - DATE AND TIME OF LATEST TRANSACTION
control field 20220913115732.0
010 ## - LCCN (DPL NO)
LC control number UR-11725
020 ## - INTERNATIONAL STANDARD BOOK NUMBER
Terms of availability 150.00
035 ## - SYSTEM CONTROL NUMBER
System control number U-10280
037 ## - SOURCE OF ACQUISITION
Source of stock number/acquisition DBAD/PUB
Stock number -
082 ## - DEWEY DECIMAL CLASSIFICATION NUMBER
Classification number 841
100 ## - MAIN ENTRY--PERSONAL NAME
Personal name کشمیری لال شاکر
245 ## - TITLE STATEMENT
Title جب تصوّر ٹوٹا /
Statement of responsibility, etc کشمیری لال شاکر
Medium ا ر د و
246 ## - VARYING FORM OF TITLE
Title proper/short title Jab Tasawwar Toota /
Remainder of title by Kashmiri Lal Shakir
260 ## - PUBLICATION, DISTRIBUTION, ETC. (IMPRINT)
Place of publication, distribution, etc New Delhi
Name of publisher, distributor, etc Star Publications
Date of publication, distribution, etc 2007 ء
270 ## - ADDRESS
Address 4/5B, Asaf Ali Road
City New Delhi
Postal code 110002
300 ## - PHYSICAL DESCRIPTION
Extent ص
Dimensions 22cm(Hb)
942 ## - ADDED ENTRY ELEMENTS (KOHA)
Source of classification or shelving scheme Dewey Decimal Classification
Item type Urdu Bks
Classification part 841
Call number suffix ک ش م
Holdings
Withdrawn status Lost status Not for loan Collection code Home library Current library Date acquired Source of acquisition Cost, normal purchase price Full call number Barcode Copy number Cost, replacement price Koha item type
      Non-fiction Sarojini Nagar Sarojini Nagar 13/09/2022 DBAD/PUB 150.00 841 ک ش م U-10280 1 150.00 Urdu Bks

© Delhi Public Library
Hit Counter
free hit counter